Statistics for Is It Bigger Than.......? - Part 4

Click here to take the quiz!

General Stats

  • This quiz has been taken 37 times
  • The average score is 7 of 10

Answer Stats

QuestionTileSelect% Correct
Is Vanatu Bigger Than Uzbekistan?NoYes
88%
Is Vanatu Bigger Than Uzbekistan?YesNo
85%
Is The Phillipines Bigger Than Mexico?NoYes
79%
Is The Phillipines Bigger Than Mexico?YesNo
79%
Is The United Arab Emirates Bigger Than Uruguay?NoYes
76%
Is The United Arab Emirates Bigger Than Uruguay?YesNo
76%
Is Guatemala Bigger Than Solomon Islands?YesYes
74%
Is Guatemala Bigger Than Solomon Islands?NoNo
71%
Is Moldova Bigger Than Denmark?YesYes
35%
Is Moldova Bigger Than Denmark?NoNo
32%

Score Distribution

Percentile by Number Answered

Percent of People with Each Score

Your Score History

You have not taken this quiz